Mencapai ketinggian dunia akhirat
| Main Author: | |
|---|---|
| Format: | Book |
| Published: |
Kuala Lumpur :
DBP ,
1988
|
| Subjects: |
MARC
| LEADER | 00000cam a2200000 7i4500 | ||
|---|---|---|---|
| 001 | 0000004790 | ||
| 002 | 000005164 | ||
| 005 | 20000330.0 | ||
| 020 | |a 9836209530 | ||
| 090 | 0 | 0 | |a 297.22 |b ZAB |
| 100 | 0 | |a Za'ba | |
| 245 | 1 | 0 | |a Mencapai ketinggian dunia akhirat |c Pendita Dr. Za'ba |
| 260 | |a Kuala Lumpur : |b DBP , |c 1988 | ||
| 300 | |a 152p. ; |c 23cm. | ||
| 650 | 0 | 0 | |a Here after (Islam) |
| 999 | |a 035450 |b BUKU |c PINJAMAN |e PERPUSTAKAAN KOMUNITI PETALING JAYA | ||
| 999 | |a 042770 |b BUKU |c PINJAMAN |e PERPUSTAKAAN KOMUNITI PETALING JAYA | ||